00360nam a2200121Ia 4500008004100000082001500041100001700056245004200073260003300115365000600148630004200154730004200196100415s9999 xx 000 0 und d b13742a581 aMukerjee NM aSystematic botany of flowering plants aAGRAc1951bBANWASI LAL JAIN b4 aSystematic botany of flowering plants aSystematic botany of flowering plants